[Event "CFriend MZ-2004-5-00002 email"]
[Site "Chessfriend.com"]
[Date "2004.08.28"]
[Round "1"]
[White "Aberbach, Angel Sergio"]
[Black "Navarro, Bertrand"]
[Result "1/2-1/2"]
[WhiteElo "2156"]
[BlackElo "1799"]
[PlyCount "45"]
[EventDate "2004.??.??"]
[EventType "tourn (corr)"]
[EventRounds "6"]
[SourceTitle "Corr 2024"]
[Source "ChessBase"]
[SourceDate "2023.10.19"]
[SourceVersion "1"]
[SourceVersionDate "2023.10.19"]
[SourceQuality "1"]

1. d4 Nf6 2. c4 e6 3. Nc3 Bb4 4. Qc2 0-0 5. a3 Bxc3+ 6. Qxc3 b6 7. Bg5 Bb7 8. f3 h6 9. Bh4 d5 10. e3 Nbd7 11. Nh3 c5 12. cxd5 cxd4 13. Qxd4 e5 14. Qd2 Bxd5 15. Bb5 Be6 16. Rd1 a6 17. Bxd7 Qxd7 18. Bxf6 Qxd2+ 19. Rxd2 gxf6 20. Nf2 Rfd8 21. f4 Rxd2 22. Kxd2 Rd8+ 23. Kc3 1/2-1/2

[Event "CFriend MZ-2004-5-00002 email"]
[Site "Chessfriend.com"]
[Date "2004.08.28"]
[Round "1"]
[White "Kasperek, Joanna"]
[Black "Navarro, Bertrand"]
[Result "1-0"]
[WhiteElo "2115"]
[BlackElo "1799"]
[PlyCount "73"]
[EventDate "2004.??.??"]
[EventType "tourn (corr)"]
[EventRounds "6"]
[SourceTitle "Corr 2024"]
[Source "ChessBase"]
[SourceDate "2023.10.19"]
[SourceVersion "1"]
[SourceVersionDate "2023.10.19"]
[SourceQuality "1"]

1. e4 c5 2. Nf3 d6 3. d4 cxd4 4. Qxd4 a6 5. Be3 Nc6 6. Qb6 Qxb6 7. Bxb6 g6 8. Nc3 Bg7 9. Nd5 Kf8 10. c3 Nf6 11. Nd2 Nxd5 12. exd5 Ne5 13. Nc4 Nd7 14. 0-0-0 Nxb6 15. Nxb6 Rb8 16. Bd3 e5 17. dxe6 Bxe6 18. Bc4 Rd8 19. Rhe1 Bxc4 20. Nxc4 d5 21. Rd3 Bf6 22. Red1 Bg5+ 23. Kc2 dxc4 24. Rxd8+ Bxd8 25. Rxd8+ Kg7 26. Rxh8 Kxh8 27. Kd2 Kg7 28. Ke3 Kf6 29. Kd4 Ke6 30. Kxc4 Kd6 31. a4 h5 32. Kd4 h4 33. b4 g5 34. c4 f6 35. c5+ Ke6 36. b5 axb5 37. axb5 1-0

[Event "CFriend MZ-2004-5-00002 email"]
[Site "Chessfriend.com"]
[Date "2004.08.28"]
[Round "1"]
[White "Navarro, Bertrand"]
[Black "Zednik, Martin"]
[Result "0-1"]
[WhiteElo "1799"]
[BlackElo "1792"]
[PlyCount "106"]
[EventDate "2004.??.??"]
[EventType "tourn (corr)"]
[EventRounds "6"]
[SourceTitle "Corr 2024"]
[Source "ChessBase"]
[SourceDate "2023.10.19"]
[SourceVersion "1"]
[SourceVersionDate "2023.10.19"]
[SourceQuality "1"]

1. c4 c5 2. g3 g6 3. Bg2 Bg7 4. Nc3 Nc6 5. a3 Nf6 6. Rb1 0-0 7. b4 d6 8. Nf3 Nd7 9. 0-0 Nd4 10. Nxd4 cxd4 11. Nd5 e6 12. Nf4 Rb8 13. Bb2 e5 14. Nd5 Nb6 15. Nxb6 Qxb6 16. d3 Bd7 17. b5 a6 18. a4 axb5 19. axb5 Be6 20. Bc1 f5 21. Ra1 Ra8 22. Bd2 e4 23. Qb3 Qc5 24. Qb2 h6 25. Rfd1 Rfe8 26. Rxa8 Rxa8 27. Ra1 Rc8 28. Bb4 Qc7 29. Qb1 e3 30. fxe3 dxe3 31. Ra7 d5 32. c5 Bd4 33. Qa2 Rd8 34. Bf3 g5 35. Ra8 Rxa8 36. Qxa8+ Kg7 37. c6 bxc6 38. bxc6 g4 39. Bg2 Kg6 40. Qe8+ Bf7 41. Qd7 Bb6 42. Bc5 Qxd7 43. cxd7 Bd8 44. Bxe3 Kf6 45. Bxh6 Bb6+ 46. Kh1 Ke7 47. e3 Kxd7 48. Kg1 Ke6 49. Kf2 Bh5 50. Bf4 Be8 51. h3 gxh3 52. Bxh3 Bh5 53. Bg2 Ba5 0-1

[Event "CFriend MZ-2004-5-00002 email"]
[Site "Chessfriend.com"]
[Date "2004.08.28"]
[Round "1"]
[White "Paetzold, Ortwin"]
[Black "Navarro, Bertrand"]
[Result "1-0"]
[WhiteElo "1852"]
[BlackElo "1799"]
[PlyCount "95"]
[EventDate "2004.??.??"]
[EventType "tourn (corr)"]
[EventRounds "6"]
[SourceTitle "Corr 2024"]
[Source "ChessBase"]
[SourceDate "2023.10.19"]
[SourceVersion "1"]
[SourceVersionDate "2023.10.19"]
[SourceQuality "1"]

1. e4 c5 2. Nf3 d6 3. d4 cxd4 4. Nxd4 Nf6 5. Nc3 a6 6. Bg5 e6 7. f4 Qc7 8. Qf3 b5 9. Bxf6 gxf6 10. 0-0-0 b4 11. Nce2 h5 12. Ng3 h4 13. Nh5 Nd7 14. g4 Bb7 15. Bd3 Rc8 16. Rhe1 Rg8 17. Qh3 Be7 18. Kb1 Nc5 19. Qxh4 f5 20. Nf6+ Bxf6 21. Qxf6 Nxd3 22. cxd3 fxg4 23. Nxe6 fxe6 24. Qxe6+ Kf8 25. Rc1 Qb8 26. Rxc8+ Qxc8 27. Qxd6+ Ke8 28. Rc1 Qd7 29. Qe5+ Kf8 30. f5 Qxd3+ 31. Ka1 Qd8 32. Qc5+ Ke8 33. Qxb4 Rg7 34. Qc3 Qg5 35. Rd1 Re7 36. f6 Rxe4 37. Qc7 Qxf6 38. Qd7+ Kf8 39. Qxb7 Qd6 40. Rf1+ Rf4 41. Qc8+ Kg7 42. Rc1 Qg6 43. a3 Rf8 44. Qc7+ Rf7 45. Qe5+ Kh7 46. Qg3 Qh5 47. Rc7 Rxc7 48. Qxc7+ 1-0